| 000 | 00749nam a2200229Ia 4500 | ||
|---|---|---|---|
| 005 | 20250108125152.0 | ||
| 008 | 008 250107s9999 xx 000 0 eng d | ||
| 020 | _a978-1-90109-044-7 | ||
| 037 | _aTB | ||
| 040 |
_aCRL _beng _cCRL |
||
| 041 |
_aeng _2eng |
||
| 084 | _aI,11:6 Q9.2 | ||
| 084 | _qCRL | ||
| 100 |
_aKambara Chandrashekhara Ed.; Madhav Kaushik Ed.; Sreenivasarao K. Ed. _9730513 |
||
| 245 | 0 |
_aIndian literature: sahitya akademi's bimonthly journal _cKambara Chandrashekhara Ed.; Madhav Kaushik Ed.; Sreenivasarao K. Ed. |
|
| 260 |
_aNew Delhi, India _bSahitya Akademi _c3525 |
||
| 300 | _a228p. | ||
| 365 |
_aINR _b10985 |
||
| 650 | _aINDIAN LITERATURE | ||
| 942 |
_cTB _hI,11:6 Q9.2 |
||
| 999 |
_c1235913 _d1235913 |
||